000 00590nam a2200265Ia 4500
008 160716s9999||||xx |||||||||||||| ||und||
040 _cEnglish
082 _aXIC/Roy
082 _bBORI-85443
100 _aM. N. Roy
245 4 _aThe Alternative
300 _a83
300 _cA
300 _ePaperback
530 _bAvinash Sutharkar
530 _u00085443.pdf
563 _aStudy
600 _aM. N. Roy
630 _aThe Alternative
650 _aGeneral Indology
650 _aPhilosophy
700 _aM. N. Roy
730 _aThe Alternative
942 _cBOOK
999 _c1398887
_d1398884